Khuyến nông học

Gespeichert in:
Bibliographische Detailangaben
1. Verfasser: Trần, văn Hà
Format: Buch
Sprache:Undetermined
Veröffentlicht: Hà Nội Nông Nghiệp 1997
Schlagworte:
Tags: Tag hinzufügen
Keine Tags, Fügen Sie den ersten Tag hinzu!
Thư viện lưu trữ: Trung tâm Học liệu Trường Đại học Cần Thơ
LEADER 00510nam a2200181Ia 4500
001 CTU_39027
008 210402s9999 xx 000 0 und d
082 |a 630 
082 |b H100 
100 |a Trần, văn Hà 
245 0 |a Khuyến nông học 
245 0 |c Trần văn Hà, Nguyễn Khánh Quắc 
260 |a Hà Nội 
260 |b Nông Nghiệp 
260 |c 1997 
650 |a Agriculture 
904 |i Liên, 000802 
980 |a Trung tâm Học liệu Trường Đại học Cần Thơ